000 00725nam a2200229 a 4500
001 BRL_1800
005 20190320211355.0
008 030815s1952----mx-a######---#000-0#spa-#
041 _aspa
044 _amx
050 4 _aBX1740
_b.M43 1952
100 1 _aMedina, José Toribio
_d1852-1930
_946
245 1 0 _aHistoria del tribunal del Santo oficio de la inquisición en México
_cpor José Toribio Medina ; ampliada por Julio Jiménez Rueda.
260 _aMéxico
_bEdiciones Fuente Cultural
_c1952
300 _a450 p.
_bil.
_c22 cm.
500 _aIncluye índice alfabético.
500 _aAu1902
650 1 4 _aInquisición
_zMéxico
_98130
700 1 _aJiménez Rueda, Julio
_927906
902 _aGRL
942 _2lcc
_cB
999 _c10608
_d10608